00693nam a2200229 a 450000100060000000300080000600500170001400800410003102000150007202000220008703500190010904000270012804100080015508200250016310000500018824500690023826000460030730000340035350000190038765000300040665000270043654884BD-RjUL20211209080200.0161112s2001 enkab b 001 0 eng c a0340662352 a0340662360 (pbk.) a(BD-RjUL)55006 aUKMcUKMdBD-RjULbeng aeng00a909.82223bBEW 20011 aBell, P. M. H.q(Philip Michael Hett),d1930-14aThe world since 1945 :ban international history /cP.M.H. Bell. aLondon :bOxford University Press,c2001. axii, 593 p. :bill. ;c24 cm. aIncludes Index 0aWorld historyy1945-1989. 0aHistory, Moderny1989-